| 000 | 00909njm a22002417a 4500 | ||
|---|---|---|---|
| 005 | 20220720142849.0 | ||
| 008 | 190128b xxu||||| |||| 00| 0 spa d | ||
| 041 | _aspa | ||
| 100 |
_aCapelli, Luciano _97706 |
||
| 100 |
_aRoss, Yazmín _923087 |
||
| 245 | _aA todo swing: pa' bailar de principio a fin | ||
| 260 | _aCosta Rica | ||
| 260 | _bSimbiosis de Centroamérica | ||
| 260 | _bPapayamusic | ||
| 260 | _c2006 | ||
| 300 | _a1 CD-ROM | ||
| 300 | _a45:38 minutos | ||
| 505 | _a1. Mueve, mueve. 2. Son de Tiquicia. 3. Lágrima por lágrima. 4. Te regalo este bolero. 5. Ponga atención caballero. 6. Así nación mi cumbia. 7. Tu ausencia. 8. Recordando mi puerto. 9. La leyenda de tus ojos. 10. Pa' chinear tu corazoncito. 11. Si quieres llorar. 12. Tu partida | ||
| 650 |
_aCOSTA RICA _964093 |
||
| 650 |
_aMÚSICA POPULAR _97685 |
||
| 650 |
_aSWING (MÚSICA) _952017 |
||
| 942 | _cMU | ||
| 999 |
_c11600 _d11600 |
||